| 000 | 00827nam a22003130a 4500 | ||
|---|---|---|---|
| 001 | PT36756 | ||
| 003 | AR-LpoUNG | ||
| 005 | 20210131230359.0 | ||
| 008 | 191001s2005||||ag |||||||||||||||||eng d | ||
| 020 |
_a9505189028 _c$30 |
||
| 040 |
_aAR-LpoUNG _bspa _cAR-LpoUNG _eaacr |
||
| 041 | _aeng | ||
| 044 | _aag | ||
| 082 | 0 | _aR410.1 469dic | |
| 100 | 1 |
_aCharaudeau, Patrick _edir. |
|
| 245 | 1 | 0 | _aDiccionario de análisis del discurso |
| 250 | _a1§ edición | ||
| 260 |
_aBuenos Aires : _bAmorrortu, _c2005. |
||
| 300 |
_axiii, 671 p. : _bil. |
||
| 650 | 4 | _aESCRITURA | |
| 650 | 4 | _aLECTURA | |
| 650 | 4 | _aLINGÜISTICA | |
| 650 | 4 | _aTERMINOLOGIA | |
| 651 | 4 | _aDOCUMENTOS TEORICOS O METODOLOGICOS | |
| 653 | _aANALISIS DEL DISCURSO | ||
| 700 | 1 |
_aMaingueneau, Dominique _edir. |
|
| 905 | _a36756 | ||
| 942 | _cLSALA | ||
| 999 |
_c3107 _d3107 |
||